[Event "IHEM"]
[Site "Hamburg"]
[Date "1999.05.25"]
[Round "4.15"]
[White "Engelbert, Christoph"]
[Black "Hegeler, Frank"]
[Result "0-1"]
[WhiteElo "2211"]
[BlackElo "2356"]
[PlyCount "60"]
[EventDate "1999.05.22"]
[Source "ChessBase"]
[SourceDate "1999.10.01"]

1. e4 c5 2. c3 d5 3. exd5 Qxd5 4. d4 Nc6 5. Nf3 cxd4 6. cxd4 e5 7. Nc3 Bb4 8.
Bd2 Bxc3 9. Bxc3 e4 10. Ne5 Nxe5 11. dxe5 Ne7 12. Qe2 O-O 13. Rd1 Qc6 14. Rd6
Qa4 15. Qc4 Qc2 16. Bb4 Qxb2 17. Rd2 Qa1+ 18. Rd1 Qxe5 19. Bd6 Qf6 20. Qc5 Rd8
21. Bxe7 Rxd1+ 22. Kxd1 Bg4+ 23. Kd2 Qb2+ 24. Ke3 Rc8 25. Qb4 Qc1+ 26. Kxe4
Qc2+ 27. Kf4 Be6 28. h3 Qxf2+ 29. Ke5 Qe3+ 30. Qe4 f6+ 0-1

[Event "IHEM"]
[Site "Hamburg"]
[Date "1999.05.26"]
[Round "5.1"]
[White "Kempinski, Robert"]
[Black "Hansen, Sune Berg"]
[Result "1/2-1/2"]
[WhiteElo "2533"]
[BlackElo "2499"]
[PlyCount "47"]
[EventDate "1999.05.22"]
[Source "ChessBase"]
[SourceDate "1999.10.01"]

1. d4 Nf6 2. c4 e6 3. Nf3 b6 4. g3 Ba6 5. Nbd2 Bb4 6. Qb3 c5 7. Bg2 Nc6 8. dxc5
bxc5 9. O-O O-O 10. a3 Bxd2 11. Bxd2 d5 12. cxd5 exd5 13. Rfc1 Ne4 14. Qd1 Re8
15. Bf4 Qf6 16. Qc2 h6 17. Rf1 g5 18. Be3 Rab8 19. Rab1 d4 20. Bc1 Rb6 21. h4
g4 22. Ne1 Qe6 23. Nd3 c4 24. Nf4 1/2-1/2

[Event "IHEM"]
[Site "Hamburg"]
[Date "1999.05.26"]
[Round "5.2"]
[White "Heinemann, Thies"]
[Black "Lamprecht, Frank"]
[Result "1/2-1/2"]
[WhiteElo "2483"]
[BlackElo "2399"]
[PlyCount "45"]
[EventDate "1999.05.22"]
[Source "ChessBase"]
[SourceDate "1999.10.01"]

1. e4 e6 2. d4 d5 3. Nd2 c5 4. exd5 Qxd5 5. Ngf3 cxd4 6. Bc4 Qd6 7. O-O Nf6 8.
Nb3 Nc6 9. Nbxd4 Nxd4 10. Nxd4 a6 11. Re1 Qc7 12. Bb3 Bd6 13. h3 O-O 14. Bg5 b5
15. c3 Bb7 16. Bc2 Nd5 17. Be4 h6 18. Bd2 Bh2+ 19. Kh1 Bf4 20. a4 Rfd8 21. axb5
axb5 22. Rxa8 Bxa8 23. Bxf4 1/2-1/2

[Event "IHEM"]
[Site "Hamburg"]
[Date "1999.05.26"]
[Round "5.4"]
[White "Stanke, Juergen"]
[Black "Ftacnik, Lubomir"]
[Result "0-1"]
[WhiteElo "2315"]
[BlackElo "2585"]
[PlyCount "80"]
[EventDate "1999.05.22"]
[Source "ChessBase"]
[SourceDate "1999.10.01"]

1. c4 g6 2. Nc3 Bg7 3. d4 c5 4. Nf3 cxd4 5. Nxd4 Nc6 6. e3 Nh6 7. Nxc6 bxc6 8.
Be2 O-O 9. O-O Rb8 10. Qc2 d5 11. Rd1 Qc7 12. cxd5 cxd5 13. Rxd5 Bb7 14. Rd1
Nf5 15. Bd3 Rfd8 16. Bxf5 gxf5 17. Bd2 f4 18. Qf5 f3 19. e4 Qb6 20. Qxf3 Qxb2
21. Bf4 Qxc3 22. Bxb8 Rxb8 23. Qxc3 Bxc3 24. Rab1 Ba5 25. Rd7 Bb6 26. Rxe7 Ba6
27. Rb3 Rd8 28. h4 Bc4 29. Ra3 Rd1+ 30. Kh2 Bxf2 31. Rc7 Be6 32. Rc2 Bd4 33. h5
Kg7 34. Ra4 Kh6 35. Kg3 Kxh5 36. Ra5+ Kg6 37. Kf4 Rf1+ 38. Kg3 Be3 39. Kh2 Bg1+
40. Kg3 h5 0-1

[Event "IHEM"]
[Site "Hamburg"]
[Date "1999.05.26"]
[Round "5.5"]
[White "Kopylov, Mihail"]
[Black "Bach, Matthias"]
[Result "0-1"]
[WhiteElo "2421"]
[BlackElo "2337"]
[PlyCount "67"]
[EventDate "1999.05.22"]
[Source "ChessBase"]
[SourceDate "1999.10.01"]

1. d4 d5 2. Nf3 c5 3. dxc5 Nc6 4. c3 g6 5. Nbd2 Nf6 6. b4 Bg7 7. e3 O-O 8. Bb2
e5 9. b5 e4 10. Nd4 Ne5 11. c4 Bg4 12. Qb3 Nfd7 13. Ba3 b6 14. cxd5 Nxc5 15.
Bxc5 bxc5 16. Nc2 Nd3+ 17. Bxd3 exd3 18. Qxd3 c4 19. Qxc4 Bxa1 20. Nxa1 Rc8 21.
Qxg4 Rc1+ 22. Ke2 Rxh1 23. Qd4 Rxa1 24. Qxa1 Qxd5 25. a4 Rd8 26. Qc3 Qxg2 27.
Nf3 Qg4 28. Qc7 Rc8 29. Qxa7 Qc4+ 30. Ke1 Qb4+ 31. Ke2 Rc2+ 32. Kf1 Rc1+ 33.
Ke2 Qc4+ 34. Kd2 0-1

[Event "IHEM"]
[Site "Hamburg"]
[Date "1999.05.26"]
[Round "5.6"]
[White "Mueller, Karsten"]
[Black "Heyken, Enno"]
[Result "1-0"]
[WhiteElo "2558"]
[BlackElo "2325"]
[PlyCount "81"]
[EventDate "1999.05.22"]
[Source "ChessBase"]
[SourceDate "1999.10.01"]

1. e4 e6 2. d4 d5 3. Nc3 Bb4 4. exd5 exd5 5. Bd3 Nc6 6. a3 Bxc3+ 7. bxc3 Nge7
8. Qh5 Be6 9. Nf3 Qd7 10. Ng5 g6 11. Qf3 Bf5 12. g4 Be6 13. O-O O-O-O 14. Nxe6
fxe6 15. Qg3 h5 16. f3 Rdf8 17. Bg5 Qd6 18. Qxd6 cxd6 19. Kg2 Kd7 20. Rab1 Rb8
21. Rfe1 Rhg8 22. Re3 e5 23. Rbe1 hxg4 24. fxg4 e4 25. Be2 b5 26. Rh3 Rg7 27.
Rf1 Nd8 28. Rh8 Nec6 29. Rf6 a6 30. Bh6 Rf7 31. Rxg6 a5 32. Bd2 b4 33. axb4
axb4 34. Rhh6 b3 35. Rxd6+ Kc7 36. cxb3 Rxb3 37. Rdf6 Rb2 38. Bf4+ Kb7 39. Kf1
Rxf6 40. Rxf6 Rc2 41. g5 1-0

[Event "IHEM"]
[Site "Hamburg"]
[Date "1999.05.26"]
[Round "5.7"]
[White "Reeh, Oliver"]
[Black "Trisic, Alexandar"]
[Result "1/2-1/2"]
[WhiteElo "2420"]
[BlackElo "2317"]
[PlyCount "47"]
[EventDate "1999.05.22"]
[Source "ChessBase"]
[SourceDate "1999.10.01"]

1. e4 c5 2. Nf3 d6 3. d4 cxd4 4. Nxd4 Nf6 5. Nc3 a6 6. Bg5 e6 7. f4 Be7 8. Qd3
h6 9. Bh4 g5 10. fxg5 Ng4 11. Nf3 Nc6 12. Bg3 hxg5 13. O-O-O b5 14. Kb1 Qb6 15.
Be2 Nf2 16. Bxf2 Qxf2 17. Nd5 exd5 18. Qc3 O-O 19. Qxc6 Bg4 20. Rde1 Be6 21.
Rhf1 Qa7 22. Qc3 dxe4 23. Nd4 Qc5 24. Qxc5 1/2-1/2

[Event "IHEM"]
[Site "Hamburg"]
[Date "1999.05.26"]
[Round "5.8"]
[White "Joecks, Christian"]
[Black "Bekker Jensen, David"]
[Result "1/2-1/2"]
[WhiteElo "2415"]
[BlackElo "2260"]
[PlyCount "47"]
[EventDate "1999.05.22"]
[Source "ChessBase"]
[SourceDate "1999.10.01"]

1. e4 c5 2. Nf3 d6 3. d4 Nf6 4. Nc3 cxd4 5. Nxd4 a6 6. Be3 e5 7. Nf3 Qc7 8. a4
Be7 9. a5 Be6 10. Ng5 Bc4 11. Bxc4 Qxc4 12. Ra4 Qc6 13. Qd3 O-O 14. Rc4 Qd7 15.
O-O Nc6 16. b4 h6 17. Nf3 d5 18. Nxd5 Nxd5 19. Qxd5 Qxd5 20. exd5 Nxb4 21. d6
Bxd6 22. Rd1 Be7 23. Nxe5 Rac8 24. Rd7 1/2-1/2

[Event "IHEM"]
[Site "Hamburg"]
[Date "1999.05.26"]
[Round "5.9"]
[White "Maahs, Erich"]
[Black "Bekker Jensen, Simon"]
[Result "0-1"]
[WhiteElo "2203"]
[BlackElo "2360"]
[PlyCount "82"]
[EventDate "1999.05.22"]
[Source "ChessBase"]
[SourceDate "1999.10.01"]

1. e4 c5 2. d3 Nc6 3. f4 g6 4. Nf3 Bg7 5. g3 d6 6. Bg2 e5 7. O-O Nge7 8. Nc3
O-O 9. Be3 Nd4 10. Nh4 exf4 11. Bxf4 Be6 12. Qd2 Qd7 13. Rf2 f5 14. Nd5 fxe4
15. Nxe7+ Qxe7 16. dxe4 Nc6 17. Nf3 Rad8 18. c3 Ne5 19. b3 Bg4 20. Re1 Bxf3 21.
Bxf3 Kh8 22. Bg2 Ng4 23. Rf3 h6 24. Rd3 Ne5 25. Rd5 g5 26. Bxe5 Bxe5 27. Rd3
Qg7 28. Rf1 Rxf1+ 29. Bxf1 Rf8 30. Bg2 g4 31. a4 b6 32. Qe1 h5 33. Qd2 Kh7 34.
Qe1 Qf7 35. Qd1 h4 36. gxh4 Qf4 37. Rg3 Qf2+ 38. Kh1 Bxg3 39. hxg3 Qxg3 40. e5
Qxh4+ 41. Kg1 g3 0-1

[Event "IHEM"]
[Site "Hamburg"]
[Date "1999.05.26"]
[Round "5.11"]
[White "Reddmann, Hauke"]
[Black "Voigt, Martin"]
[Result "1-0"]
[WhiteElo "2368"]
[BlackElo "2257"]
[PlyCount "85"]
[EventDate "1999.05.22"]
[Source "ChessBase"]
[SourceDate "1999.10.01"]

1. d4 d5 2. Bf4 Nf6 3. e3 c6 4. Nd2 h6 5. Bd3 Nbd7 6. h3 e6 7. Ngf3 Be7 8. c3
c5 9. Ne5 Nxe5 10. dxe5 Nd7 11. Bh2 O-O 12. O-O b6 13. f4 g6 14. g4 Bb7 15. Nf3
Re8 16. Qe2 d4 17. Rad1 Qc7 18. cxd4 cxd4 19. exd4 Rac8 20. f5 Nb8 21. fxg6
fxg6 22. Bxg6 Rf8 23. Be4 Ba6 24. Bd3 Bb7 25. Qe3 Rxf3 26. Rxf3 Bg5 27. Qf2 Qd7
28. Rf1 Bxf3 29. Qxf3 Qxd4+ 30. Kg2 Qd7 31. Qe4 Qc6 32. Qxc6 Nxc6 33. Be4 Ne7
34. Rd1 Rc4 35. Kf3 Kf7 36. Bg3 Bc1 37. Rd7 Bxb2 38. Rxa7 Rc3+ 39. Kg2 Re3 40.
Bg6+ Kf8 41. Bf4 Nxg6 42. Bxh6+ Kg8 43. Bxe3 1-0

[Event "IHEM"]
[Site "Hamburg"]
[Date "1999.05.26"]
[Round "5.12"]
[White "Buhr, Carl Christian"]
[Black "Pajeken, Wolfgang"]
[Result "1/2-1/2"]
[WhiteElo "2320"]
[BlackElo "2293"]
[PlyCount "76"]
[EventDate "1999.05.22"]
[Source "ChessBase"]
[SourceDate "1999.10.01"]

1. d4 Nf6 2. c4 e6 3. Nf3 c5 4. d5 exd5 5. cxd5 d6 6. Nc3 g6 7. Nd2 Bg7 8. Nc4
O-O 9. Bf4 Na6 10. e3 Ne8 11. Be2 f5 12. Qd2 Nac7 13. a4 b6 14. O-O Ba6 15. Bg3
Bxc4 16. Bxc4 Nf6 17. f3 a6 18. Bh4 Rb8 19. Qd3 Qc8 20. Rab1 Re8 21. Rfe1 Nd7
22. Bg3 Ne5 23. Bxe5 Bxe5 24. f4 Bg7 25. e4 b5 26. axb5 axb5 27. Nxb5 Nxb5 28.
Bxb5 fxe4 29. Qc4 Re7 30. b3 Bd4+ 31. Kh1 Qg4 32. Rf1 Rf8 33. g3 e3 34. Rbe1 g5
35. Qe2 Qxe2 36. Bxe2 gxf4 37. Rxf4 Ref7 38. Ref1 Rxf4 1/2-1/2

[Event "IHEM"]
[Site "Hamburg"]
[Date "1999.05.26"]
[Round "5.13"]
[White "Hochgraefe, Markus"]
[Black "Lindinger, Markus"]
[Result "1/2-1/2"]
[WhiteElo "2329"]
[BlackElo "2302"]
[PlyCount "52"]
[EventDate "1999.05.22"]
[Source "ChessBase"]
[SourceDate "1999.10.01"]

1. c4 e5 2. Nc3 Nf6 3. Nf3 Nc6 4. e3 Bb4 5. Nd5 O-O 6. Nxb4 Nxb4 7. Nxe5 d5 8.
a3 Nc6 9. Nxc6 bxc6 10. Be2 Be6 11. Qc2 Qd6 12. h3 dxc4 13. Bxc4 Rfd8 14. Bxe6
Qxe6 15. O-O Rd5 16. d4 Rad8 17. Bd2 Rh5 18. Rac1 c5 19. Ba5 Rdd5 20. Bxc7 Rxh3
21. gxh3 Qxh3 22. f4 Rh5 23. Qg2 Qxe3+ 24. Qf2 Qh3 25. Qg2 Qe3+ 26. Qf2 Qh3
1/2-1/2

[Event "IHEM"]
[Site "Hamburg"]
[Date "1999.05.26"]
[Round "5.14"]
[White "Bathke, Joerg"]
[Black "Wilhelmi, Christian"]
[Result "1/2-1/2"]
[WhiteElo "2225"]
[BlackElo "2446"]
[PlyCount "108"]
[EventDate "1999.05.22"]
[Source "ChessBase"]
[SourceDate "1999.10.01"]

1. e4 c5 2. f4 e6 3. Nf3 d5 4. Bb5+ Bd7 5. Bxd7+ Nxd7 6. d3 Bd6 7. c4 Ne7 8.
Nc3 d4 9. Ne2 O-O 10. g4 b5 11. Ng3 bxc4 12. dxc4 Qb8 13. e5 Bc7 14. O-O Qb6
15. g5 f6 16. exf6 gxf6 17. Qd3 Ng6 18. f5 exf5 19. Nxf5 Rae8 20. b3 Bf4 21.
N3xd4 Nde5 22. Qe4 Bxc1 23. Qd5+ Kh8 24. Raxc1 cxd4 25. Nd6 Ne7 26. c5 Nxd5 27.
cxb6 axb6 28. Nxe8 Rxe8 29. gxf6 Ne3 30. f7 Rf8 31. Rf6 Nxf7 32. Rc7 Rg8+ 33.
Kh1 Ng5 34. h4 Nd5 35. hxg5 Nxc7 36. Rd6 Rxg5 37. Rxd4 Nd5 38. a4 Kg7 39. b4
Kf6 40. a5 bxa5 41. bxa5 Ke5 42. Ra4 Rg7 43. Kh2 Ra7 44. Kg3 Ra6 45. Kh4 Kf5
46. Ra1 Kg6 47. Rg1+ Kf7 48. Rf1+ Kg7 49. Rg1+ Kh8 50. Ra1 Ne7 51. Re1 Ng6+ 52.
Kg5 Rxa5+ 53. Kh6 Ne5 54. Rxe5 Rxe5 1/2-1/2

[Event "IHEM"]
[Site "Hamburg"]
[Date "1999.05.27"]
[Round "6.1"]
[White "Ftacnik, Lubomir"]
[Black "Kempinski, Robert"]
[Result "1-0"]
[WhiteElo "2585"]
[BlackElo "2533"]
[PlyCount "81"]
[EventDate "1999.05.22"]
[Source "ChessBase"]
[SourceDate "1999.10.01"]

1. d4 Nf6 2. Nf3 g6 3. c4 Bg7 4. Nc3 O-O 5. e4 d6 6. Be2 e5 7. O-O Qe8 8. dxe5
dxe5 9. b3 Qe7 10. Nd5 Nxd5 11. cxd5 Rd8 12. Qc2 c6 13. Bg5 Bf6 14. Bxf6 Qxf6
15. Rfd1 Bg4 16. Rac1 cxd5 17. exd5 Nd7 18. d6 Rab8 19. Qe4 Bxf3 20. Bxf3 Nf8
21. Qe3 Ne6 22. Bg4 Nd4 23. d7 h5 24. Bh3 g5 25. f3 Qf4 26. Qxf4 gxf4 27. Rc8
Kf8 28. Kf2 Ke7 29. Rdc1 Nc6 30. a3 Rf8 31. b4 a6 32. a4 Ra8 33. Kf1 h4 34. b5
axb5 35. axb5 Nd4 36. Rxa8 Rxa8 37. Rc8 Ra1+ 38. Kf2 Ra2+ 39. Ke1 Nc2+ 40. Kd1
Ne3+ 41. Kc1 1-0

[Event "IHEM"]
[Site "Hamburg"]
[Date "1999.05.27"]
[Round "6.2"]
[White "Hansen, Sune Berg"]
[Black "Heinemann, Thies"]
[Result "1/2-1/2"]
[WhiteElo "2499"]
[BlackElo "2483"]
[PlyCount "77"]
[EventDate "1999.05.22"]
[Source "ChessBase"]
[SourceDate "1999.10.01"]

1. e4 c5 2. Nf3 d6 3. d4 cxd4 4. Nxd4 Nf6 5. Nc3 a6 6. Be2 e5 7. Nb3 Be7 8. O-O
O-O 9. Kh1 b6 10. Be3 Bb7 11. f3 b5 12. Qd2 Nbd7 13. a3 h6 14. Rfd1 Qc7 15. Bf1
Rac8 16. Qf2 Nc5 17. Nc1 Rfd8 18. b4 Ne6 19. N1e2 Qb8 20. Ba7 Qa8 21. Bb6 Re8
22. a4 bxa4 23. Rxa4 Rc4 24. Nd5 Bxd5 25. exd5 Nxd5 26. Ng3 Rxb4 27. Rxa6 Qb7
28. Be3 Ra8 29. Rxa8+ Qxa8 30. Nf5 Bf8 31. Bd2 Ra4 32. c4 Nf6 33. Qe1 Nc5 34.
Be3 Qc6 35. Qg3 Kh7 36. Qh4 d5 37. Bxc5 Bxc5 38. Qg3 Bf8 39. cxd5 1/2-1/2

[Event "IHEM"]
[Site "Hamburg"]
[Date "1999.05.27"]
[Round "6.3"]
[White "Bach, Matthias"]
[Black "Urban, Klaudiusz"]
[Result "1/2-1/2"]
[WhiteElo "2337"]
[BlackElo "2444"]
[PlyCount "41"]
[EventDate "1999.05.22"]
[Source "ChessBase"]
[SourceDate "1999.10.01"]

1. d4 g6 2. c4 Bg7 3. Nc3 Nf6 4. e4 d6 5. f4 O-O 6. Nf3 c5 7. d5 b5 8. cxb5 a6
9. a4 Bb7 10. bxa6 Nxa6 11. Bc4 Nb4 12. O-O Ba6 13. Bxa6 Rxa6 14. Qe2 Qc8 15.
Kh1 Ra8 16. Nb5 Nd7 17. f5 Nb6 18. Bg5 Qb7 19. fxg6 hxg6 20. Nc3 Rfe8 21. Qf2
1/2-1/2

[Event "IHEM"]
[Site "Hamburg"]
[Date "1999.05.27"]
[Round "6.5"]
[White "Bekker Jensen, Simon"]
[Black "Mueller, Karsten"]
[Result "1/2-1/2"]
[WhiteElo "2360"]
[BlackElo "2558"]
[PlyCount "33"]
[EventDate "1999.05.22"]
[Source "ChessBase"]
[SourceDate "1999.10.01"]

1. d4 d5 2. c4 c6 3. Nf3 Nf6 4. Nc3 dxc4 5. a4 Bf5 6. Nh4 Be6 7. e4 g6 8. Nf3
h6 9. Ne5 Bg7 10. Nxc4 O-O 11. f3 Ne8 12. Be3 Nd6 13. Nxd6 exd6 14. Be2 Na6 15.
O-O Nc7 16. Qd2 Kh7 17. b4 1/2-1/2

[Event "IHEM"]
[Site "Hamburg"]
[Date "1999.05.27"]
[Round "6.6"]
[White "Rogozenko, Dorian"]
[Black "Reeh, Oliver"]
[Result "1/2-1/2"]
[WhiteElo "2557"]
[BlackElo "2420"]
[PlyCount "75"]
[EventDate "1999.05.22"]
[Source "ChessBase"]
[SourceDate "1999.10.01"]

1. d4 g6 2. c4 Bg7 3. Nf3 c5 4. d5 d6 5. e4 Nf6 6. Nc3 Bg4 7. Be2 O-O 8. O-O
Nbd7 9. Ne1 Bxe2 10. Qxe2 a6 11. Nd3 Ne8 12. Bf4 b5 13. cxb5 axb5 14. Nxb5 Qb6
15. Nc3 Nc7 16. a3 Qa6 17. Rac1 Rfb8 18. Rc2 Nb6 19. h4 Rb7 20. h5 Na4 21. Nxa4
Qxa4 22. h6 Nb5 23. Rcc1 Nd4 24. Qe3 Bh8 25. e5 Rb3 26. exd6 exd6 27. Bxd6 Re8
28. Nxc5 Rbxe3 29. Nxa4 Ne2+ 30. Kh1 R3e4 31. Rc2 Rxa4 32. Bb4 Raa8 33. d6 Nd4
34. Rd2 Red8 35. Re1 Ne6 36. Rc1 Be5 37. g3 Bf6 38. f4 1/2-1/2

[Event "IHEM"]
[Site "Hamburg"]
[Date "1999.05.27"]
[Round "6.7"]
[White "Kopylov, Mihail"]
[Black "Reddmann, Hauke"]
[Result "1/2-1/2"]
[WhiteElo "2421"]
[BlackElo "2368"]
[PlyCount "104"]
[EventDate "1999.05.22"]
[Source "ChessBase"]
[SourceDate "1999.10.01"]

1. d4 f5 2. g3 Nf6 3. Bg2 e6 4. Nf3 Nc6 5. O-O Rb8 6. c4 Bd6 7. Nc3 a6 8. b3
O-O 9. Bb2 b5 10. c5 Be7 11. d5 exd5 12. Nxd5 Kh8 13. Nxe7 Qxe7 14. Nh4 f4 15.
Qd2 fxg3 16. hxg3 Bb7 17. Nf5 Qf7 18. Rad1 Rbe8 19. e3 Qe6 20. Nd4 Qe7 21. Qc3
Ne4 22. Qc2 Nxd4 23. Rxd4 Bc6 24. b4 Qe6 25. Bc3 Ng5 26. e4 Nf3+ 27. Bxf3 Rxf3
28. Re1 Qh3 29. Rd3 Rf7 30. Rde3 Re6 31. f4 Rxf4 32. Qh2 Qg4 33. Qe2 Qg6 34.
Rf1 Rxf1+ 35. Qxf1 h6 36. Qf4 Bxe4 37. Qxc7 Bc6 38. Rxe6 Qxe6 39. Qe5 Qg4 40.
Qe3 Qd1+ 41. Kf2 Qc2+ 42. Qd2 Qe4 43. Qxh6+ Qh7 44. Bxg7+ Kg8 45. Qxh7+ Kxh7
46. Bb2 Kg6 47. g4 Bd5 48. a3 Kf7 49. Ke3 Bb3 50. Kf4 Ke6 51. Bh8 Bc2 52. Kg5
Kf7 1/2-1/2

[Event "IHEM"]
[Site "Hamburg"]
[Date "1999.05.27"]
[Round "6.8"]
[White "Trisic, Alexandar"]
[Black "Joecks, Christian"]
[Result "1-0"]
[WhiteElo "2317"]
[BlackElo "2415"]
[PlyCount "37"]
[EventDate "1999.05.22"]
[Source "ChessBase"]
[SourceDate "1999.10.01"]

1. e4 Nf6 2. Nc3 d5 3. exd5 Nxd5 4. Bc4 Nxc3 5. bxc3 e6 6. d4 Be7 7. Nf3 O-O 8.
O-O Nd7 9. Qe2 c5 10. Rb1 Qc7 11. Bd3 Nf6 12. c4 cxd4 13. Nxd4 a6 14. Nf3 Bd7
15. Bb2 Bc6 16. Ne5 Rad8 17. Qe3 Nd7 18. Ng4 Bf6 19. Qh3 1-0

[Event "IHEM"]
[Site "Hamburg"]
[Date "1999.05.27"]
[Round "6.9"]
[White "Bekker Jensen, David"]
[Black "Stanke, Juergen"]
[Result "1-0"]
[WhiteElo "2263"]
[BlackElo "2315"]
[PlyCount "79"]
[EventDate "1999.05.22"]
[Source "ChessBase"]
[SourceDate "1999.10.01"]

1. d4 Nf6 2. c4 d6 3. Nc3 Nbd7 4. Nf3 g6 5. g3 Bg7 6. Bg2 O-O 7. O-O e5 8. e4
c6 9. h3 Re8 10. Re1 a5 11. Rb1 Qe7 12. b3 exd4 13. Nxd4 Nc5 14. Bf4 Nh5 15.
Be3 Qf8 16. Qc2 f5 17. Nde2 Nf6 18. f3 fxe4 19. f4 Nd3 20. Red1 Bf5 21. g4 Bxg4
22. hxg4 Nxg4 23. Qd2 d5 24. cxd5 cxd5 25. Nxd5 Rad8 26. Qxa5 Qd6 27. Bxe4 Qe6
28. Ng3 Nxe3 29. Nxe3 Qh3 30. Qg5 h6 31. Qg4 Qxg4 32. Nxg4 Bd4+ 33. Kh2 Nxf4
34. Nxh6+ Kg7 35. Rf1 Ne2 36. Nf7 Nxg3 37. Kxg3 Rd7 38. Rbe1 Bc3 39. Re2 Rf8
40. Bxg6 1-0

[Event "IHEM"]
[Site "Hamburg"]
[Date "1999.05.27"]
[Round "6.10"]
[White "Heyken, Enno"]
[Black "Buhr, Carl Christian"]
[Result "1-0"]
[WhiteElo "2325"]
[BlackElo "2320"]
[PlyCount "113"]
[EventDate "1999.05.22"]
[Source "ChessBase"]
[SourceDate "1999.10.01"]

1. d4 d5 2. Nc3 Nf6 3. Bg5 Nbd7 4. Nf3 h6 5. Bh4 e6 6. e4 dxe4 7. Nxe4 Be7 8.
Nxf6+ Bxf6 9. Bxf6 Qxf6 10. Qd2 O-O 11. O-O-O e5 12. Re1 exd4 13. Qxd4 Qxd4 14.
Nxd4 Rd8 15. c3 Nb6 16. g3 Kf8 17. Bg2 Rb8 18. Re5 Bd7 19. Rhe1 Re8 20. Rxe8+
Bxe8 21. f4 Nc4 22. b4 Nd6 23. Kb2 Bd7 24. Kb3 Re8 25. Rxe8+ Kxe8 26. c4 c6 27.
Kc3 Kd8 28. a4 Kc7 29. a5 Nf5 30. Nc2 Nd6 31. c5 Nb5+ 32. Kd2 Kd8 33. Ne3 Ke7
34. Kd3 a6 35. Be4 Be6 36. h4 Na7 37. g4 Nb5 38. g5 hxg5 39. fxg5 g6 40. Nd1
Bb3 41. Bf3 Bxd1 42. Bxd1 Nc7 43. Bf3 Ne6 44. Ke4 f6 45. gxf6+ Kxf6 46. Bg4 Ke7
47. Ke5 Nd8 48. Bc8 Nf7+ 49. Kf4 Nd8 50. Kg5 Kf7 51. Kh6 Kf6 52. Kh7 Kf7 53.
Bh3 Kf6 54. Bd7 Ke7 55. Bg4 Kf7 56. Bc8 Kf6 57. Kg8 1-0

[Event "IHEM"]
[Site "Hamburg"]
[Date "1999.05.27"]
[Round "6.11"]
[White "Lindinger, Markus"]
[Black "Maahs, Erich"]
[Result "0-1"]
[WhiteElo "2302"]
[BlackElo "2203"]
[PlyCount "130"]
[EventDate "1999.05.22"]
[Source "ChessBase"]
[SourceDate "1999.10.01"]

1. d4 d5 2. c4 Nc6 3. cxd5 Qxd5 4. e3 e5 5. Nc3 Bb4 6. Bd2 Bxc3 7. Bxc3 exd4 8.
Ne2 Nf6 9. Nxd4 O-O 10. Nb5 Qxd1+ 11. Rxd1 Ne8 12. Bc4 a6 13. Nd4 Nxd4 14. Bxd4
Nd6 15. Bd5 Be6 16. Bxe6 fxe6 17. Ke2 Rf5 18. f4 Rd5 19. Be5 Rd8 20. Kf3 c6 21.
Rc1 Nf7 22. Bc3 Rd3 23. Ke2 R3d5 24. Kf3 Nd6 25. g4 Kf7 26. h4 Nb5 27. Be5 Rd3
28. Rh2 Rd2 29. Rxd2 Rxd2 30. Rc4 Nd6 31. Rd4 Rxd4 32. Bxd4 g6 33. e4 h5 34.
gxh5 gxh5 35. Bc5 Nc8 36. f5 e5 37. Ke2 b6 38. Be3 c5 39. Kd3 Nd6 40. b3 Ke7
41. a4 Nb7 42. Kc4 Kd6 43. b4 cxb4 44. Kxb4 Kc6 45. Bh6 Nd6 46. Bg7 a5+ 47. Kb3
Nxe4 48. Bxe5 Nc5+ 49. Kc4 Nxa4 50. f6 b5+ 51. Kd4 Nc5 52. f7 Ne6+ 53. Ke4 Kd7
54. Kf5 Ke7 55. Kg6 Nf8+ 56. Kg7 Nd7 57. Bf6+ Ke6 58. Bb2 b4 59. f8=Q Nxf8 60.
Kxf8 a4 61. Kg7 a3 62. Bc1 Kf5 63. Kf7 Ke4 64. Kg6 Kd3 65. Kxh5 Kc2 0-1

[Event "IHEM"]
[Site "Hamburg"]
[Date "1999.05.27"]
[Round "6.13"]
[White "Wilhelmi, Christian"]
[Black "Hochgraefe, Markus"]
[Result "0-1"]
[WhiteElo "2446"]
[BlackElo "2329"]
[PlyCount "82"]
[EventDate "1999.05.22"]
[Source "ChessBase"]
[SourceDate "1999.10.01"]

1. Nf3 d5 2. g3 Nf6 3. Bg2 c6 4. O-O Bg4 5. d3 e6 6. Nbd2 Be7 7. h3 Bh5 8. Qe1
O-O 9. e4 a5 10. a4 Na6 11. e5 Nd7 12. Nd4 Nb4 13. g4 Bg6 14. Qd1 Nxe5 15. f4
Qb6 16. c3 Nexd3 17. f5 Nxc1 18. fxg6 hxg6 19. Rxc1 Nd3 20. N2f3 Nxc1 21. Qxc1
Bd6 22. Re1 Rae8 23. Kh1 e5 24. Ne2 Qb3 25. Qa1 Qc2 26. Neg1 e4 27. Nd4 Qd3 28.
Nge2 f5 29. Qc1 f4 30. Rd1 Qc4 31. Bf1 Qxa4 32. c4 Qxc4 33. Qxc4 dxc4 34. Nc3
Kh7 35. Bxc4 Bb4 36. Re1 Bxc3 37. bxc3 b5 38. Bf1 f3 39. Re3 a4 40. Nxc6 a3 41.
Nb4 Ra8 0-1

[Event "IHEM"]
[Site "Hamburg"]
[Date "1999.05.27"]
[Round "6.14"]
[White "Sass, Andreas"]
[Black "Bathke, Joerg"]
[Result "0-1"]
[WhiteElo "2146"]
[BlackElo "2225"]
[PlyCount "74"]
[EventDate "1999.05.22"]
[Source "ChessBase"]
[SourceDate "1999.10.01"]

1. d4 d5 2. Nf3 Nf6 3. c4 dxc4 4. e3 e6 5. Bxc4 c5 6. O-O a6 7. a4 Qc7 8. Qe2
b6 9. Nc3 Bb7 10. Rd1 Nbd7 11. e4 cxd4 12. Nxd4 Bd6 13. g3 Bc5 14. Bxe6 fxe6
15. Nxe6 Qc6 16. Nxg7+ Kf7 17. Bh6 Ne5 18. b4 Bf8 19. f4 Neg4 20. Rac1 Nxh6 21.
Nd5 Bc5+ 22. bxc5 Kxg7 23. Nxf6 Qxf6 24. Rd7+ Nf7 25. Rxb7 bxc5 26. Rd1 Rhd8
27. Rdd7 Rxd7 28. Rxd7 Qe6 29. Rd5 Re8 30. Qb2+ Kg8 31. Rxc5 Qxe4 32. Rc2 Qxa4
33. Kg2 Qe4+ 34. Kh3 a5 35. Qb5 a4 36. Rc4 Qe2 37. Qxa4 Qh5+ 0-1

[Event "IHEM"]
[Site "Hamburg"]
[Date "1999.05.27"]
[Round "6.15"]
[White "Voigt, Martin"]
[Black "Engelbert, Christoph"]
[Result "1-0"]
[WhiteElo "2257"]
[BlackElo "2211"]
[PlyCount "101"]
[EventDate "1999.05.22"]
[Source "ChessBase"]
[SourceDate "1999.10.01"]

1. e4 g6 2. d4 Bg7 3. Nc3 d6 4. f4 Nf6 5. Nf3 O-O 6. Be2 c5 7. dxc5 Qa5 8. O-O
Qxc5+ 9. Kh1 Nbd7 10. Bd3 b6 11. Qe1 Bb7 12. Be3 Qc6 13. Qh4 h6 14. f5 g5 15.
Bxg5 hxg5 16. Nxg5 Qc5 17. Rf3 Rfc8 18. Raf1 Qb4 19. Ne2 Qxb2 20. Nf4 Ne5 21.
Rg3 Nxd3 22. Nxd3 Qd4 23. Nf4 Bxe4 24. Nge6 fxe6 25. Rxg7+ Kxg7 26. Nxe6+ Kf7
27. Nxd4 Rc4 28. Nf3 Rg8 29. Ng5+ Rxg5 30. Qxg5 Rxc2 31. Rf3 Rxa2 32. h4 Bxf3
33. gxf3 Ra5 34. h5 Rc5 35. h6 a5 36. Qg7+ Ke8 37. h7 Nxh7 38. Qxh7 a4 39. Qg8+
Kd7 40. Qe6+ Kc6 41. Qxe7 Rxf5 42. Qe8+ Kc7 43. Qxa4 b5 44. Qc2+ Rc5 45. Qe4
Rc4 46. Qd5 Rc5 47. Qf7+ Kc6 48. Qe8+ Kb6 49. f4 b4 50. Qb8+ Ka5 51. f5 1-0

[Event "IHEM"]
[Site "Hamburg"]
[Date "1999.05.28"]
[Round "7.1"]
[White "Ftacnik, Lubomir"]
[Black "Hansen, Sune Berg"]
[Result "0-1"]
[WhiteElo "2585"]
[BlackElo "2499"]
[PlyCount "108"]
[EventDate "1999.05.22"]
[Source "ChessBase"]
[SourceDate "1999.10.01"]

1. Nf3 c5 2. c4 g6 3. d4 cxd4 4. Nxd4 Bg7 5. e4 Nc6 6. Be3 Nf6 7. Nc3 d6 8. Be2
O-O 9. O-O Bd7 10. Qd2 Nxd4 11. Bxd4 Bc6 12. f3 a5 13. b3 Nd7 14. Be3 Nc5 15.
Rab1 Qb6 16. Rfc1 Rfc8 17. Rc2 h5 18. Nd5 Qd8 19. Bg5 Bxd5 20. exd5 Bf6 21. Be3
Qf8 22. f4 Ne4 23. Qe1 Qg7 24. Bf3 Nc5 25. Qd2 Rc7 26. g3 b6 27. h3 Rac8 28. g4
hxg4 29. hxg4 g5 30. fxg5 Be5 31. Kg2 a4 32. Bxc5 Rxc5 33. Be4 axb3 34. axb3
Ra5 35. Rh1 Rca8 36. Rh7 Qxh7 37. Bxh7+ Kxh7 38. Qf2 Kg7 39. Qxb6 Ra1 40. Re2
Rb1 41. g6 Ra3 42. gxf7 Rbxb3 43. f8=Q+ Kxf8 44. Qd8+ Kf7 45. Rf2+ Bf6 46. Qh8
Rg3+ 47. Kh2 Rxg4 48. c5 Raa4 49. Qc8 Rg6 50. Rf3 Kg7 51. Qf5 Be5+ 52. Kh1 Rh4+
53. Rh3 Rhg4 54. Qf2 Bd4 0-1